000 01161nam a22003257a 4500
003 CHAP
005 20220329141259.0
008 971010s1984 r 00010 d
010 _a65678
011 _a66650
035 _a75203
040 _cCHAP
090 _aTesis
100 0 0 _aFlores Caballero, Ernesto.
_941454
245 1 _aValor nutritivo de tres harinas de pescado nacionales en dietas prácticas para pollos de engorda
260 _aMéxico, D.F. :
_bEl autor,
_c1984
300 _a52 h.
502 _aTesis (Diploma de especialización en producción animal: aves) -- UNAM. Facultad de Medicina Veterinaria y Zootecnia. División de Estudios de Postgrado
590 _aALEPH
_b10
_c20130110
_lUCH01
_h1357
590 _aBATCH-UPD
_b10
_c20130110
_lUCH01
_h0816
590 _aBATCH-UPD
_b10
_c20130410
_lUCH01
_h0454
590 _aBATCH-UPD
_b10
_c20130914
_lUCH01
_h0448
590 _aCONVERSION
_b10
_c20130109
_lUCH01
_h1336
650 1 4 _aAves de corral
_xAlimentación.
_98638
650 1 4 _aAves de corral
_xEngorda.
_98647
650 1 4 _aHarina de pescado.
_952722
901 _aBK
942 _cTESIS
949 _bBC
_cTES
_d-149700
_eTS1
_i75203
_si
999 _c65678
_d65678